00287nam a2200109 a 4500008004100000050001500041100002700056245003200083260004000115300001300155350000900168120416s1966 ||||||||||||||||| || u aQA 312 Bar aBartle, Robert Gardner14aThe Elements of integration aNew YorkbJohn Wiley and Sonsc1966 ax, 129p. a0.00